| 000 | 01229nac a22003371u 4500 | ||
|---|---|---|---|
| 999 |
_c1740 _d1740 |
||
| 003 | EG-ScBUE | ||
| 005 | 20210524094418.0 | ||
| 008 | 200219s1972 enka f b 000 0deng d | ||
| 020 | _a0521079411 | ||
| 040 |
_aEG-ScBUE _beng _erda _cEG-ScBUE _dEG-ScBUE |
||
| 082 | 0 | 4 |
_a822.33 _bNEW _222 |
| 100 | _a | ||
| 245 | 0 | 2 |
_aA new companion to Shakespeare studies / _cedited by Kenneth Muir and S. Schoenbaum. |
| 250 | _aReprinted edition. | ||
| 264 | 1 |
_aLondon ; _aNew York : _bCambridge University Press, _c1972. |
|
| 300 |
_av, 297 pages : _billustrations ; _c22 cm |
||
| 336 |
_2rdacontent _atext _btxt |
||
| 337 |
_2rdamedia _aunmediated _bn |
||
| 338 |
_2rdacarrier _avolume _bnc |
||
| 504 | _aIncludes bibliographical references. | ||
| 600 | 1 | 7 |
_aShakespeare, William, _d1564-1616 _xCriticism and interpretation _xHandbooks, manuals, etc. _2BUEsh |
| 600 | 1 | 7 |
_aShakespeare, William, _d1564-1616 _xExaminations _xStudy guides. _2BUEsh |
| 650 | _2BUEsh | ||
| 651 | _2BUEsh | ||
| 653 |
_bHHUUEENN _cMay2021 |
||
| 655 |
_vReading book _934232 |
||
| 700 | 1 |
_aSchoenbaum, S. _q(Samuel), _d1927- _eeditor. |
|
| 700 | 1 |
_aMuir, Kenneth, _eeditor. |
|
| 942 |
_cBB _k822.33C8746 _2ddc |
||